| 000 | 00707nam a2200217 u 4500 | ||
|---|---|---|---|
| 005 | 20241009063725.0 | ||
| 008 | 150306s2006 r 000 0 eng d | ||
| 020 | _a9788449424137 (13 dígitos) | ||
| 020 | _a8449424135 (10 dígitos) | ||
| 035 | _aUPN01000202355 | ||
| 049 | _aCG | ||
| 050 | 4 |
_aPN6120.8 _bO2.7 |
|
| 245 | 0 | 0 |
_aObras maestras del relato breve : _bcon orientaciones didácticas / _cselec. de textos y citas Rolando Sánchez Mejías. |
| 260 |
_aBarcelona, Esp. : _bOcéano, _c2006. |
||
| 300 |
_a646 p. : _bil. |
||
| 650 | 4 |
_aCuentos _vColecciones _919436 |
|
| 650 | 4 |
_aANTOLOGIAS LITERARIAS _94762 |
|
| 700 | 1 |
_aSánchez Mejías, Rolando, _ecomp. |
|
| 905 | _aLibro | ||
| 999 |
_c174456 _d174456 |
||